| 000 | 01040nam a22002657a 4500 | ||
|---|---|---|---|
| 999 |
_c18549 _d18549 |
||
| 003 | AR-CdUCM | ||
| 008 | 190514b ||||| |||| 00| 0 spa d | ||
| 040 |
_aMUNICIPALIDAD PROVINCIAL DEL CUSCO _cBIBLIOTECA MUNICIPAL DEL CUSCO |
||
| 082 |
_a371.28 / _bAL36 |
||
| 100 |
_aAlberti, Giorgio _923997 |
||
| 245 | _aEducación y desarrollo rural / | ||
| 260 |
_aLima : _bIEP Ediciones, _c1974. |
||
| 300 |
_a56 páginas ; _c18.5 cm. |
||
| 440 |
_aColección Mínima. _n2 _939198 |
||
| 505 | _aContenido: Sociedad, educación y desarrollo -- La educación y Latinoamérica -- Educación y desarrollo rural -- Educación y multilinguismo -- Educación y contexto social -- Condiciones generales. | ||
| 650 |
_aEducación _9460 |
||
| 650 |
_aDesarrollo _92021 |
||
| 650 |
_aLatinoamérica _94398 |
||
| 700 |
_aBonilla, Heraclio _95342 |
||
| 700 |
_aCotler, Julio ... (coautores) _939199 |
||
| 700 |
_aMatos Mar, José (dirección) _97303 |
||
| 710 |
_aInstituto de Estudios Peruanos. _936 |
||
| 942 |
_2ddc _cLIBROS |
||
| 945 |
_apjha _d2019-05-17 |
||